Statistiken für Länder, die Armenien am nächsten liegen

Klicken Sie hier um das Quiz zu spielen!

Allgemein

  • Dieses Quiz wurde 67 mal gespielt
  • Das Durchschnittsergebnis liegt bei 17 aus 20

Antwortstatistiken

kmLand% Korrekt
110Russland
100%
0Türkiye
98%
0Aserbaidschan
95%
0Georgien
95%
0Iran
95%
222Irak
93%
335Syrien
92%
1047Israel
90%
533Kasachstan
89%
785Ukraine
87%
887Jordanien
84%
925Saudi-Arabien
84%
821Usbekistan
82%
881Libanon
80%
529Turkmenistan
79%
1248Bulgarien
77%
1202Rumänien
75%
935Zypern
72%
980Kuwait
66%
1161Palästina
18%

Verteilung der Resultate

Perzentil nach korrekt beantworteten Fragen

Anzahl Personen mit jedem Resultat

Ihre Resultats-Entwicklung

Sie haben dieses Quiz noch nicht gespielt